Fromme Avantgarde: was die Jugend der Kirche zu sagen hat

Saved in:  
Bibliographic Details
Main Author: Wintzek, Oliver 1972- (Author)
Format: Print Article
Language:German
Check availability: HBZ Gateway
Interlibrary Loan:Interlibrary Loan for the Fachinformationsdienste (Specialized Information Services in Germany)
Published: 2006
In: Wort und Antwort
Year: 2006, Volume: 47, Issue: 4, Pages: 170-175
Standardized Subjects / Keyword chains:B Youth (14-21 years) / Religiosity
IxTheo Classification:AD Sociology of religion; religious policy
CB Christian life; spirituality

MARC

LEADER 00000caa a22000002c 4500
001 1865089079
003 DE-627
005 20241210173219.0
007 tu
008 231014s2006 gw ||||| 00| ||ger c
035 |a (DE-627)1865089079 
035 |a (DE-576)46618493X 
035 |a (DE-599)KXP1865089079 
040 |a DE-627  |b ger  |c DE-627  |e rakwb 
041 |a ger 
044 |c XA-DE 
084 |a 1  |2 ssgn 
100 1 |e VerfasserIn  |0 (DE-588)131795198  |0 (DE-627)514261358  |0 (DE-576)298755068  |4 aut  |a Wintzek, Oliver  |d 1972- 
109 |a Wintzek, Oliver 1972- 
245 1 0 |a Fromme Avantgarde  |b was die Jugend der Kirche zu sagen hat  |c Oliver Wintzek 
264 1 |c 2006 
336 |a Text  |b txt  |2 rdacontent 
337 |a ohne Hilfsmittel zu benutzen  |b n  |2 rdamedia 
338 |a Band  |b nc  |2 rdacarrier 
500 |a Aufsatz 
601 |a Avantgarde 
652 |a AD:CB 
689 0 0 |d s  |0 (DE-588)4028859-6  |0 (DE-627)104419199  |0 (DE-576)208979859  |2 gnd  |a Jugend 
689 0 1 |d s  |0 (DE-588)4049428-7  |0 (DE-627)10618704X  |0 (DE-576)209082011  |2 gnd  |a Religiosität 
689 0 |5 (DE-627) 
773 0 8 |i Enthalten in  |t Wort und Antwort  |d Ostfildern : Grünewald, 1960  |g 47(2006), 4, Seite 170-175  |w (DE-627)129889598  |w (DE-600)302346-1  |w (DE-576)015196771  |x 0342-6378  |7 nnas 
773 1 8 |g volume:47  |g year:2006  |g number:4  |g pages:170-175 
889 |w (DE-627)1645147835 
935 |a mteo 
935 |i mdedup 
951 |a AR 
ELC |b 1 
ITA |a 1  |t 1 
LOK |0 000 xxxxxcx a22 zn 4500 
LOK |0 001 3312946921 
LOK |0 003 DE-627 
LOK |0 004 1865089079 
LOK |0 005 20241210172555 
LOK |0 008 160404||||||||||||||||ger||||||| 
LOK |0 040   |a DE-Tue135  |c DE-627  |d DE-Tue135 
LOK |0 092   |o n 
LOK |0 852   |a DE-Tue135 
LOK |0 852 1  |9 00 
LOK |0 935   |a ixzs  |a ixmi 
LOK |0 936ln  |0 1442043768  |a CB 
LOK |0 936ln  |0 1442043016  |a AD 
LOK |0 939   |a 04-04-16  |b l01 
ORI |a SA-MARC-ixtheoa001.raw 
REL |a 1 
STA 0 0 |a Religiosity,Youth (14-21 years),Adult,Youth (17-19 years),Youth (13-21 years),Youth (16 years),Teenagers,Youth,Youth (14-19 years),Youth (12-17 years),Teenagers,Youth,Youth (15-19 years),Youth (15-16 years),Youth (13-17 years),Teenagers,Youth (16-22 years),Youth (15-20 years),Teenagers,Teenagers,Youth,Youth,Youth (13-19 years),Youth (12-14 years),Youth (12-13 years),Youth,Teenagers,Youth,Youth,Youth,Teenagers,Teenagers,Teenagers,Teenagers,Youth (13-18 years),Teenagers,Teenagers,Youth,Young people,Young person,Teenager,Youth,Youth,Youth,Youth,Youth,Youth,Youth,Youth,Youth in art,Adolescence in literature,Youth,Youth,Youth,Youth,Youth,Young adult 
STB 0 0 |a Jeunes (14-21 ans),Jeunes (16-25 ans),Jeunes (17-19 ans),Jeunes (13-21 ans),Jeunes (16 ans),Jeunes,Jeunes (13-16 ans),Jeunes (14-19 ans),Jeunes (12-17 ans),Jeunes,Jeunes,Jeunes (15-19 ans),Jeunes (15-16 ans),Jeunes (13-17 ans),Jeunes,Jeunes (16-22 ans),Jeunes (15-20 ans),Jeunes,Jeunes,Jeunes,Jeunes,Jeunes (13-19 ans),Jeunes (12-14 ans),Jeunes (12-13 ans),Jeunesse,Jeunes,Jeunes,Jeunes,Jeunes,Jeunes,Jeunes,Jeunes,Jeunes,Jeunes (13-18 ans),Jeunes,Jeunes,Adolescents,Jeunesse,Religiosité 
STC 0 0 |a Jóvenes,Jóvenes,Jóvenes,Jóvenes,Jóvenes,Jóvenes,Jóvenes,Jóvenes,Juventud,Jóvenes,Jóvenes,Jóvenes,Jóvenes,Jóvenes,Jóvenes,Jóvenes,Jóvenes,Jóvenes,Jóvenes,Juventud,Religiosidad 
STD 0 0 |a Adolescenti,Adolescenti,Adolescenti,Adolescenti,Adolescenti,Adolescenti,Adolescenti,Adolescenti,Gioventù <motivo>,Adolescenti,Adolescenti,Adolescenti,Adolescenti,Adolescenti,Adolescenti,Adolescenti,Adolescenti,Adolescenti,Adolescenti,Gioventù,Adolescenti,Giovani,Adolescenti,Giovani,Adolescenti (motivo),Giovani (motivo),Adolescenti,Giovani,Religiosità 
STE 0 0 |a 宗教性,青少年,青少年,青少年,青少年,青少年,青年,青年,青年,青年,青年 
STF 0 0 |a 宗教性,青少年,青少年,青少年,青少年,青少年,青年,青年,青年,青年,青年 
STG 0 0 |a Jovens,Jovens,Jovens,Jovens,Jovens,Jovens,Jovens,Jovens,Juventude,Jovens,Jovens,Jovens,Jovens,Jovens,Jovens,Jovens,Jovens,Jovens,Jovens,Juventude,Religiosidade 
STH 0 0 |a Молодёжь (16-20 лет),Молодёжь (14-20 лет),Молодёжь (14-17 лет),Молодёжь (17-18 лет),Молодёжь (16-18 лет),Молодёжь (12-18 лет),Молодёжь (14-15 лет),Молодёжь (12-15 лет),Молодёжь (мотив),Молодёжь (14-16 лет),Молодёжь (13-15 лет),Молодёжь (13-14 лет),Молодёжь (12-6 лет),Молодёжь (15-18 лет),Молодёжь (16-17 лет),Молодёжь (12-19 лет),Молодёжь (14-18 лет),Молодёжь (14 лет),Молодёжь (15 лет),Молодёжь,Религиозность 
STI 0 0 |a Θρησκευτικότητα,Νεολαία <16-20 ετών>,Νεολαία <14-20 ετών>,Νεολαία <14-17 ετών>,Νεολαία <17-18 ετών>,Νεολαία <16-18 ετών>,Νεολαία <12-18 ετών>,Νεολαία <14-15 ετών>,Νεολαία <12-15 ετών>,Νεολαία <μοτίβο>,Νεολαία <14-16 ετών>,Νεολαία <13-15 ετών>,Νεολαία <13-14 ετών>,Νεολαία <12-16 ετών>,Νεολαία <15-18 ετών>,Νεολαία <16-17 ετών>,Νεολαία <12-19 ετών>,Νεολαία <14-18 ετών>,Νεολαία <14 ετών>,Νεολαία <15 ετών>,Νεολαία,Έφηβοι,Νέοι,Έφηβοι (15 ετών),Έφηβοι (14 ετών),Έφηβοι (14-18 ετών),Έφηβοι (12-19 ετών),Έφηβοι (16-17 ετών),Έφηβοι (15-18 ετών),Έφηβοι (12-16 ετών),Έφηβοι (13-14 ετών),Έφηβοι (13-15 ετών),Έφηβοι (14-16 ετών),Έφηβοι (μοτίβο),Έφηβοι (12-15 ετών),Έφηβοι (14-15 ετών),Έφηβοι (12-18 ετών),Έφηβοι (16-18 ετών),Έφηβοι (17-18 ετών),Έφηβοι (14-17 ετών),Έφηβοι (14-20 ετών),Έφηβοι (16-20 ετών) 
SUB |a REL 
SYG 0 0 |a Kind,Jugend,Jugendalter,Jugendlicher,Teenager , Religiösität,Religiösität